| 000 | 00555nam a2200181Ia 4500 | ||
|---|---|---|---|
| 008 | 170725s9999 xx 000 0 und d | ||
| 100 | _aLiz Jackson | ||
| 245 | _aLearning About Diversity in Hong Kong: Multiculturalism in Liberal Studies Textbooks | ||
| 245 | _cLiz Jackson | ||
| 260 | _c2017 | ||
| 300 | _apages 21-29, April | ||
| 440 |
_aThe Asia-Pacific Education Researcher _v26:1-2 |
||
| 500 | _aCJ0033 | ||
| 650 | _aDIVERSITY, ETHNIC MINORITIES, LIBERAL STUDIES | ||
| 650 | _aHONG KONG | ||
| 650 | _aMULTICULTURALISM | ||
| 650 | _aTEXTBOOKS | ||
| 999 |
_c340908 _d340908 |
||